Jahrbuch des Aussenhandels der Tschechoslowakei 1981

Uložené v:
Podrobná bibliografia
Médium: Kniha
Jazyk:German
Vydavateľské údaje: Praha Tschechoslowakische Handels- und Industriekammer 1981
Vydanie:1. Aufl.
Tagy: Pridať tag
Žiadne tagy, Buďte prvý, kto otaguje tento záznam!

MARC

LEADER 00000nam a2200000 4500
001 c039300
005 20221207072110.6
041 0 |a ger 
044 |a CZ 
245 1 0 |a Jahrbuch des Aussenhandels der Tschechoslowakei 1981 
250 |a 1. Aufl. 
264 1 |a Praha  |b Tschechoslowakische Handels- und Industriekammer  |c 1981 
300 |a 182 s.